000 00261nam a22001217a 4500
008 171228b xxu||||| |||| 00| 0 eng d
041 _aeng
080 _a33
100 _a56
101 _aECO
245 _aHANDBOOK ECONOMETIRC
_cMICHAEL.D.I
942 _2udc
_cBK
999 _c39524
_d39524